Hromadné prepúšťanie Niektoré aspekty aplikácie novej zákonnej úpravy
Paragrafom 58 Zákonníka práce a zákonom NR SR č.387/1996 o zamestnanosti sa zaviedol nový pojem pracovného práva - hromadné prepúšťanie. Ekonomický kontext novej právnej normy. Syntetický záver zo sumarizácie teoretických poznatkov o podstate hromadného prepúšťania.
Salvato in:
| Autore principale: | |
|---|---|
| Natura: | Capitolo di libro |
| Lingua: | slovacco |
| Soggetti: | |
| Tags: |
Nessun Tag, puoi essere il primo ad aggiungerne!!
|
MARC
| LEADER | 00000naa a2200000 4500 | ||
|---|---|---|---|
| 001 | r025558 | ||
| 005 | 20230807092831.6 | ||
| 041 | 0 | |a slo | |
| 044 | |a SK | ||
| 245 | 1 | 0 | |a Hromadné prepúšťanie |b Niektoré aspekty aplikácie novej zákonnej úpravy |c A. Nemcová |
| 520 | |a Paragrafom 58 Zákonníka práce a zákonom NR SR č.387/1996 o zamestnanosti sa zaviedol nový pojem pracovného práva - hromadné prepúšťanie. Ekonomický kontext novej právnej normy. Syntetický záver zo sumarizácie teoretických poznatkov o podstate hromadného prepúšťania. | ||
| 610 | 2 | 0 | |a prepúšťanie hromadné |
| 610 | 2 | 0 | |a pojmy |
| 610 | 2 | 0 | |a právo pracovné |
| 610 | 2 | 0 | |a úpravy právne |
| 610 | 2 | 0 | |a komentáre |
| 610 | 2 | 0 | |a zákonník práce |
| 610 | 2 | 0 | |a zákony |
| 610 | 2 | 0 | |a Slovensko |
| 610 | 2 | 0 | |a zamestnanosť |
| 610 | 2 | 0 | |a 1996 |
| 100 | 1 | |a Nemcová, A. | |